|
|
|
|
| LEADER |
01987nam a2200457 i 4500 |
| 001 |
EBC5180720 |
| 003 |
MiAaPQ |
| 005 |
20200520144314.0 |
| 006 |
m o d | |
| 007 |
cr cnu|||||||| |
| 008 |
180207t20122012bccacd ob 001 0 eng d |
| 020 |
|
|
|z 9780865717077
|
| 020 |
|
|
|a 9781550925050
|q (electronic bk.)
|
| 035 |
|
|
|a (MiAaPQ)EBC5180720
|
| 035 |
|
|
|a (Au-PeEL)EBL5180720
|
| 035 |
|
|
|a (CaPaEBR)ebr11529143
|
| 035 |
|
|
|a (OCoLC)795119977
|
| 040 |
|
|
|a MiAaPQ
|b eng
|e rda
|e pn
|c MiAaPQ
|d MiAaPQ
|
| 050 |
|
4 |
|a HC79.E5
|b .L495 2012
|
| 082 |
0 |
|
|a 338.927
|2 23
|
| 100 |
1 |
|
|a Lewis, Mike,
|d 1952-
|e author.
|
| 245 |
1 |
4 |
|a The resilience imperative :
|b cooperative transitions to a steady-state economy /
|c Michael Lewis and Pat Conaty.
|
| 264 |
|
1 |
|a Gabriola Island, British Columbia :
|b New Society Publishers,
|c 2012.
|
| 264 |
|
4 |
|c 2012
|
| 300 |
|
|
|a 1 online resource (402 pages) :
|b illustrations, charts, portraits
|
| 336 |
|
|
|a text
|2 rdacontent
|
| 337 |
|
|
|a computer
|2 rdamedia
|
| 338 |
|
|
|a online resource
|2 rdacarrier
|
| 504 |
|
|
|a Includes bibliographical references and index.
|
| 588 |
|
|
|a Description based on print version record.
|
| 590 |
|
|
|a Electronic reproduction. Ann Arbor, MI : ProQuest, 2016. Available via World Wide Web. Access may be limited to ProQuest affiliated libraries.
|
| 650 |
|
0 |
|a Sustainable development.
|
| 650 |
|
0 |
|a Sustainable development
|v Case studies.
|
| 650 |
|
0 |
|a Cooperative societies
|v Case studies.
|
| 650 |
|
0 |
|a Environmental economics.
|
| 650 |
|
0 |
|a Social change
|x Economic aspects.
|
| 655 |
|
4 |
|a Electronic books.
|
| 700 |
1 |
|
|a Conaty, Pat,
|e author.
|
| 776 |
0 |
8 |
|i Print version:
|a Lewis, Mike, 1952-
|t Resilience imperative : cooperative transitions to a steady-state economy.
|d Gabriola Island, British Columbia : New Society Publishers, c2012
|h xii, 389 pages
|z 9780865717077
|w 2012452365
|
| 797 |
2 |
|
|a ProQuest (Firm)
|
| 856 |
4 |
0 |
|u https://ebookcentral.proquest.com/lib/matrademy/detail.action?docID=5180720
|z Click to View
|